[Event "Regionalliga SW 9900"]
[Site "Bayern"]
[Date "2000.??.??"]
[Round "8.4"]
[White "Klinger, Thomas"]
[Black "Wolf, Thomas"]
[Result "0-1"]
[WhiteElo "1995"]
[BlackElo "2069"]
[PlyCount "114"]
[EventDate "1999.??.??"]
[EventType "team-tourn"]
[EventRounds "9"]
[EventCountry "GER"]
[SourceTitle "EXT 2020"]
[Source "ChessBase"]
[SourceDate "2019.10.17"]
[SourceVersion "1"]
[SourceVersionDate "2019.10.17"]
[SourceQuality "1"]
[WhiteTeam "Noerdlingen"]
[BlackTeam "Sonthofen"]
[WhiteTeamCountry "GER"]
[BlackTeamCountry "GER"]

1. d4 Nf6 2. c4 c5 3. d5 b5 4. cxb5 a6 5. f3 g6 6. e4 Bg7 7. e5 Ng8 8. f4 d6 9. Nf3 Nh6 10. Nc3 0-0 11. Be2 axb5 12. 0-0 b4 13. Ne4 Qb6 14. Bc4 Ba6 15. Qd3 Bxc4 16. Qxc4 Na6 17. a4 Nc7 18. b3 Rfd8 19. Rd1 Qa6 20. Qxa6 Rxa6 21. Bb2 Ng4 22. Rd3 f5 23. exf6 Nxf6 24. Nxf6+ Bxf6 25. Bxf6 exf6 26. Nd2 Re8 27. Kf2 Nb5 28. Re1 Rxe1 29. Kxe1 Nc3 30. Nc4 f5 31. Kf2 Kf7 32. Kf3 h6 33. h3 Kf6 34. g3 Ne4 35. Re3 Kf7 36. g4 Ra8 37. gxf5 gxf5 38. Rxe4 fxe4+ 39. Kxe4 Ke7 40. Kf5 Rf8+ 41. Kg4 Rg8+ 42. Kf3 Rg1 43. a5 Rh1 44. Kg4 Rb1 45. a6 Ra1 46. Kh5 Rxa6 47. Kg6 Ra3 48. f5 Rxb3 49. f6+ Kf8 50. Nxd6 Rd3 51. Nf5 Rxd5 52. Ng7 Rg5+ 53. Kxh6 Rxg7 54. fxg7+ Kg8 55. Kg6 b3 56. h4 b2 57. h5 b1Q+ 0-1

[Event "Regionalliga SW 9798"]
[Site "Bayern"]
[Date "1997.??.??"]
[Round "?.5"]
[White "Klinger, Thomas"]
[Black "Klenk, Robert"]
[Result "1/2-1/2"]
[WhiteElo "1985"]
[BlackElo "1945"]
[PlyCount "83"]
[EventDate "1997.10.??"]
[EventType "team-tourn"]
[EventRounds "9"]
[EventCountry "GER"]
[SourceTitle "EXT 2020"]
[Source "ChessBase"]
[SourceDate "2019.10.17"]
[SourceVersion "1"]
[SourceVersionDate "2019.10.17"]
[SourceQuality "1"]
[WhiteTeam "Noerdlingen"]
[BlackTeam "Muenchen 36 II"]
[WhiteTeamCountry "GER"]
[BlackTeamCountry "GER"]

1. d4 Nf6 2. c4 g6 3. Nc3 Bg7 4. e4 d6 5. h3 0-0 6. Bg5 Nbd7 7. Nf3 c6 8. Be2 a6 9. a4 Qa5 10. 0-0 e5 11. Be3 exd4 12. Nxd4 Re8 13. Nb3 Qd8 14. f3 Qe7 15. Qd2 Ne5 16. Nd4 Be6 17. b3 c5 18. Nc2 Nc6 19. Rad1 Nh5 20. Bh6 Bh8 21. Nd5 Bxd5 22. Qxd5 Ng3 23. Rfe1 Nd4 24. Nxd4 Bxd4+ 25. Rxd4 cxd4 26. Qxd4 Qe5 27. Be3 Qxd4 28. Bxd4 Nxe2+ 29. Rxe2 f5 30. Kf2 fxe4 31. fxe4 Re6 32. Ke3 Rae8 33. Kd3 Kf7 34. Rf2+ Ke7 35. Re2 Kd7 36. Bc3 Kc6 37. Bb4 Rf6 38. Bd2 Rf1 39. Kc3 Rf7 40. Kd4 Rf1 41. Kc3 Ref8 42. Be3 1/2-1/2

[Event "Regionalliga SW 9697"]
[Site "Bayern"]
[Date "1997.??.??"]
[Round "?"]
[White "Lutz, Gerhard"]
[Black "Klinger, Thomas"]
[Result "1-0"]
[WhiteElo "2120"]
[BlackElo "2005"]
[PlyCount "97"]
[EventDate "1996.10.??"]
[EventType "team-tourn"]
[EventRounds "9"]
[EventCountry "GER"]
[SourceTitle "EXT 1999"]
[Source "ChessBase"]
[SourceDate "1998.11.16"]
[SourceVersion "1"]
[SourceVersionDate "1998.11.16"]
[SourceQuality "1"]
[WhiteTeam "Garching"]
[BlackTeam "Noerdlingen"]
[WhiteTeamCountry "GER"]
[BlackTeamCountry "GER"]

1. e4 c5 2. Nf3 d6 3. d4 cxd4 4. Nxd4 Nf6 5. Nc3 a6 6. Be2 e6 7. g4 Be7 8. g5 Nfd7 9. h4 Qc7 10. Be3 b5 11. a3 Bb7 12. f4 Nc6 13. Bh5 Nxd4 14. Qxd4 e5 15. Qd2 exf4 16. Bxf4 Ne5 17. Nd5 Bxd5 18. Qxd5 0-0 19. 0-0-0 Rac8 20. Rh2 Qc5 21. c3 a5 22. Bxe5 dxe5 23. Qxc5 Bxc5 24. Bg4 Rc7 25. Rd7 Rc6 26. Kb1 b4 27. cxb4 axb4 28. Rc2 h5 29. axb4 hxg4 30. bxc5 Ra8 31. Rd6 Rxd6 32. cxd6 Rd8 33. Rd2 g3 34. Kc2 Kh7 35. Kc3 Kg6 36. Kc4 g2 37. Rxg2 Rxd6 38. b4 Rd4+ 39. Kc5 Rxe4 40. b5 Re1 41. Rb2 Rc1+ 42. Kd5 Kf5 43. Rf2+ Kg4 44. Rxf7 Rb1 45. Kc6 e4 46. Rxg7 e3 47. Re7 Kf3 48. g6 e2 49. g7 1-0

[Event "Regionalliga SW 9798"]
[Site "Bayern"]
[Date "1997.??.??"]
[Round "?.5"]
[White "Nissen, Jens"]
[Black "Klinger, Thomas"]
[Result "1-0"]
[WhiteElo "2035"]
[BlackElo "1985"]
[PlyCount "75"]
[EventDate "1997.10.??"]
[EventType "team-tourn"]
[EventRounds "9"]
[EventCountry "GER"]
[SourceTitle "EXT 2020"]
[Source "ChessBase"]
[SourceDate "2019.10.17"]
[SourceVersion "1"]
[SourceVersionDate "2019.10.17"]
[SourceQuality "1"]
[WhiteTeam "Pasing II"]
[BlackTeam "Noerdlingen"]
[WhiteTeamCountry "GER"]
[BlackTeamCountry "GER"]

1. e4 c5 2. Nf3 d6 3. d4 cxd4 4. Qxd4 Bd7 5. c4 Nc6 6. Qd1 g6 7. Nc3 Bg7 8. Be3 Nf6 9. h3 0-0 10. Be2 Rc8 11. Rc1 Na5 12. b3 b6 13. Nd4 Nb7 14. 0-0 Nc5 15. Bf3 Ne6 16. Nc2 Bc6 17. Nb4 Ba8 18. Nbd5 Bxd5 19. exd5 Nc5 20. Nb5 Qd7 21. Re1 Rfe8 22. g4 Qb7 23. Bg5 Ncd7 24. Bg2 a6 25. Nd4 b5 26. Nc6 Nb8 27. cxb5 axb5 28. Nxe7+ Kf8 29. Nxc8 Rxc8 30. Rxc8+ Qxc8 31. Qe2 Qd7 32. Qc2 Qb7 33. Rc1 Ne8 34. Qc8 Qb6 35. Re1 Be5 36. b4 Na6 37. Bh6+ Ke7 38. Be3 1-0